[Event "Deutsche Ländermeisterschaft 2012"]
[Site "Hannover GER"]
[Date "2012.09.30"]
[Round "3"]
[White "Geske, Julian"]
[Black "Graf, Felix"]
[Result "0-1"]
[Termination "normal"]
[Board "1.1"]
[WhiteTitle "20"]
[BlackTitle "20"]
[WhiteElo "2401"]
[BlackElo "2449"]
[WhiteTeam "Hessen 1"]
[BlackTeam "Bayern"]
[PlyCount "130"]
[WhiteFideId "24605263"]
[BlackFideId "24608904"]
[EventCountry "GER"]
[EventRounds "7"]
[EventType "team-swiss"]
[EventDate "2012.09.28"]

1. e4 e6 2. d4 d5 3. Nd2 Nf6 4. e5 Nfd7 5. c3 c5 6. Bd3 b5 7. Bxb5 Qb6 8. Qa4
cxd4 9. cxd4 a6 10. Be2 Nc6 11. Ngf3 Be7 12. O-O g5 13. Kh1 h5 14. Nb1 g4 15.
Ng1 Bb7 16. Rd1 f6 17. exf6 Bxf6 18. Be3 Qxb2 19. Nd2 Nb6 20. Qb3 Qxb3 21. Nxb3
Na4 22. Rac1 Be7 23. Bd2 Kd7 24. f3 Bd6 25. Na5 Nxa5 26. Bxa5 Bc6 27. Rb1 g3
28. hxg3 Bxg3 29. Rdc1 Rhb8 30. Bd1 Nb2 31. Ne2 Bd6 32. Bb3 Nc4 33. Be1 a5 34.
Bxc4 dxc4 35. Kg1 Rg8 36. Kf1 Bd5 37. Nc3 Kc6 38. Ne4 Bf4 39. Rd1 a4 40. Bd2
Raf8 41. Nc3 Bxf3 42. gxf3 Bxd2 43. d5+ exd5 44. Nxd5 Kxd5 45. Rxd2+ Kc5 46.
Kf2 Rb8 47. Rh1 Rg5 48. f4 Rf5 49. Ke3 Re8+ 50. Kf3 Ref8 51. Ke3 Re8+ 52. Kf3
Ref8 53. Ke3 Rxf4 54. Rxh5+ R4f5 55. Rxf5+ Rxf5 56. Rd8 Kb4 57. Kd4 Rf4+ 58.
Ke3 Rf1 59. Kd2 Rf2+ 60. Kc1 Kc3 61. Rd1 Rxa2 62. Kb1 Rd2 63. Rh1 Kb3 64. Rh3+
c3 65. Rh1 c2+ 0-1

[Event "Deutsche Ländermeisterschaft 2012"]
[Site "Hannover GER"]
[Date "2012.09.30"]
[Round "3"]
[White "Berchtenbreiter, Maximilian"]
[Black "Schröder, Jan-Christian"]
[Result "1-0"]
[Termination "normal"]
[Board "1.2"]
[WhiteTitle "18"]
[BlackTitle "14"]
[WhiteElo "2328"]
[BlackElo "2349"]
[WhiteTeam "Bayern"]
[BlackTeam "Hessen 1"]
[PlyCount "113"]
[WhiteFideId "24641120"]
[BlackFideId "24662259"]
[EventCountry "GER"]
[EventRounds "7"]
[EventType "team-swiss"]
[EventDate "2012.09.28"]

1. e4 e5 2. Nf3 Nc6 3. Bc4 Nf6 4. d3 Be7 5. c3 O-O 6. Bb3 d6 7. Nbd2 Na5 8. Bc2
c5 9. Qe2 Nc6 10. h3 Re8 11. Nf1 Bf8 12. g4 d5 13. Ng3 Be6 14. Nf5 Qb6 15. Rg1
c4 16. dxc4 dxe4 17. Ng5 Bxf5 18. gxf5 Nd4 19. cxd4 exd4 20. Nxe4 Nxe4 21. Bxe4
d3 22. Qxd3 Rad8 23. Qe2 Rd4 24. Rg4 h5 25. Rf4 Bd6 26. Rh4 Bb4+ 27. Kf1 Be7
28. f6 Bxf6 29. Qxh5 Bxh4 30. Qh7+ Kf8 31. Qh8+ Ke7 32. Qxh4+ Kd7 33. Be3 Rexe4
34. Qxe4 Rxe4 35. Bxb6 axb6 36. Rd1+ Kc6 37. b3 Re5 38. a4 f6 39. Rd8 Rh5 40.
Rd3 Kc5 41. Kg2 Kc6 42. f4 Rh8 43. Rg3 Rh7 44. Kf3 f5 45. b4 Rh6 46. Kg2 Rh4
47. Rg6+ Kd7 48. Rxg7+ Kc6 49. Rg6+ Kc7 50. Kg3 Rh7 51. h4 Rd7 52. h5 Rd1 53.
Kh4 Rh1+ 54. Kg5 Rg1+ 55. Kxf5 Rxg6 56. hxg6 b5 57. axb5 1-0

[Event "Deutsche Ländermeisterschaft 2012"]
[Site "Hannover GER"]
[Date "2012.09.30"]
[Round "3"]
[White "Hahn, Markus"]
[Black "Klek, Hanna Marie"]
[Result "1/2-1/2"]
[Termination "normal"]
[Board "1.3"]
[WhiteTitle "18"]
[BlackTitle "18w"]
[WhiteElo "2195"]
[BlackElo "2214"]
[WhiteTeam "Hessen 1"]
[BlackTeam "Bayern"]
[PlyCount "45"]
[WhiteFideId "24654647"]
[BlackFideId "24670057"]
[EventCountry "GER"]
[EventRounds "7"]
[EventType "team-swiss"]
[EventDate "2012.09.28"]

1. d4 d5 2. c4 e6 3. Nf3 Nf6 4. g3 Bb4+ 5. Bd2 Bd6 6. Bg2 c6 7. Qc2 Nbd7 8. O-O
O-O 9. Bg5 h6 10. Bxf6 Nxf6 11. Nbd2 b6 12. e4 dxe4 13. Nxe4 Nxe4 14. Qxe4 Ba6
15. b3 Rc8 16. Rfd1 Qc7 17. a4 c5 18. Ra2 Bb7 19. Qe2 Rcd8 20. Rad2 Bxf3 21.
Qxf3 cxd4 22. Rxd4 Bc5 23. Rxd8 1/2-1/2

[Event "Deutsche Ländermeisterschaft 2012"]
[Site "Hannover GER"]
[Date "2012.09.30"]
[Round "3"]
[White "Bluhm, Sonja Maria"]
[Black "Bilchinski, Anton"]
[Result "1-0"]
[Termination "normal"]
[Board "1.5"]
[WhiteTitle "14w"]
[BlackTitle "14"]
[WhiteElo "1981"]
[BlackElo "1891"]
[WhiteTeam "Hessen 1"]
[BlackTeam "Bayern"]
[PlyCount "87"]
[WhiteFideId "24654027"]
[BlackFideId "24615765"]
[EventCountry "GER"]
[EventRounds "7"]
[EventType "team-swiss"]
[EventDate "2012.09.28"]

1. e4 c5 2. Nf3 e6 3. d4 cxd4 4. Nxd4 a6 5. Bd3 Qc7 6. c4 Nf6 7. Nc3 d6 8. O-O
g6 9. Qe2 Bg7 10. Kh1 O-O 11. f4 Nfd7 12. Nf3 Nc6 13. Bd2 b6 14. Rae1 Bb7 15.
Bb1 Rfe8 16. Qf2 Rac8 17. Rc1 Nc5 18. Qh4 f6 19. f5 Ne5 20. Nxe5 dxe5 21. fxg6
hxg6 22. Rf3 Rcd8 23. Be3 Bc6 24. Rcf1 Rf8 25. Rh3 Kf7 26. Rg3 Rh8 27. Qg4 Be8
28. Qxg6+ Kf8 29. Rxf6+ Kg8 30. Qg5 Rh5 31. Qg4 Kh7 32. Rh6+ Rxh6 33. Bxh6 Rd7
34. b4 Nb7 35. Bxg7 Rxg7 36. Qxg7+ Qxg7 37. Rxg7+ Kxg7 38. g4 Nd6 39. Bd3 a5
40. a3 Bg6 41. bxa5 bxa5 42. c5 Nc8 43. c6 Kf7 44. Ba6 1-0

[Event "Deutsche Ländermeisterschaft 2012"]
[Site "Hannover GER"]
[Date "2012.09.30"]
[Round "3"]
[White "Dürr, Florian"]
[Black "Liez, Franziska"]
[Result "1-0"]
[Termination "normal"]
[Board "1.6"]
[WhiteTitle "12"]
[BlackTitle "16w"]
[WhiteElo "1920"]
[BlackElo "1920"]
[WhiteTeam "Bayern"]
[BlackTeam "Hessen 1"]
[PlyCount "31"]
[WhiteFideId "24659134"]
[BlackFideId "1271766"]
[EventCountry "GER"]
[EventRounds "7"]
[EventType "team-swiss"]
[EventDate "2012.09.28"]

1. e4 e5 2. Nf3 Nc6 3. Bb5 a6 4. Ba4 Nf6 5. O-O Nxe4 6. d4 b5 7. Bb3 Be7 8.
Nxe5 Nxe5 9. dxe5 O-O 10. Bd5 Nxf2 11. Qd4 c6 12. Bf3 Nh3+ 13. gxh3 f6 14. Bf4
fxe5 15. Bxe5 Rf5 16. Bd5+ 1-0

[Event "Deutsche Ländermeisterschaft 2012"]
[Site "Hannover GER"]
[Date "2012.09.30"]
[Round "3"]
[White "Nothnagel, Marian Can"]
[Black "Berger, Nadja"]
[Result "1-0"]
[Termination "normal"]
[Board "1.7"]
[WhiteTitle "12"]
[BlackTitle "16w"]
[WhiteElo "1738"]
[BlackElo "1769"]
[WhiteTeam "Hessen 1"]
[BlackTeam "Bayern"]
[PlyCount "99"]
[WhiteFideId "12921530"]
[BlackFideId "24692212"]
[EventCountry "GER"]
[EventRounds "7"]
[EventType "team-swiss"]
[EventDate "2012.09.28"]

1. e4 c5 2. Nf3 Nc6 3. d4 cxd4 4. Nxd4 e5 5. Nb3 Nf6 6. Bd3 d5 7. exd5 Nxd5 8.
c3 a6 9. O-O Be6 10. Re1 Be7 11. Bc2 Qc7 12. N1d2 Rd8 13. Qf3 Nf4 14. Nf1 Ng6
15. Ng3 Bd5 16. Be4 Bxe4 17. Qxe4 O-O 18. Nf5 Bf6 19. Be3 Rfe8 20. Rad1 Nge7
21. Nxe7+ Qxe7 22. Nc5 Qc7 23. Qg4 Nb8 24. Qb4 b5 25. Qg4 Rxd1 26. Rxd1 Rd8 27.
Ne4 Rxd1+ 28. Qxd1 Be7 29. Qd5 Qd7 30. Qxd7 Nxd7 31. g4 Nf6 32. Nxf6+ Bxf6 33.
f3 Kf8 34. Kf1 Ke7 35. g5 h5 36. gxf6+ Kxf6 37. h4 Kf5 38. Kf2 e4 39. b3 f6 40.
c4 bxc4 41. bxc4 Ke5 42. c5 exf3 43. Kxf3 Kd5 44. Kf4 g6 45. a3 Kc6 46. Bd4 a5
47. Bxf6 Kxc5 48. Kg5 Kd6 49. Kxg6 Ke6 50. Bc3 1-0

[Event "Deutsche Ländermeisterschaft 2012"]
[Site "Hannover GER"]
[Date "2012.09.30"]
[Round "3"]
[White "Schneider, Jana"]
[Black "Graf, Clara Victoria"]
[Result "0-1"]
[Termination "normal"]
[Board "1.8"]
[WhiteTitle "12w"]
[BlackTitle "12w"]
[WhiteElo "1665"]
[BlackElo "1740"]
[WhiteTeam "Bayern"]
[BlackTeam "Hessen 1"]
[PlyCount "96"]
[WhiteFideId "12924997"]
[BlackFideId "1270339"]
[EventCountry "GER"]
[EventRounds "7"]
[EventType "team-swiss"]
[EventDate "2012.09.28"]

1. e4 c5 2. Nc3 Nc6 3. g3 g6 4. Bg2 Bg7 5. Nge2 Nf6 6. d3 O-O 7. Be3 d6 8. h3
Rb8 9. Qd2 b5 10. Bh6 b4 11. Nd1 a5 12. h4 Ne5 13. Bxg7 Kxg7 14. h5 Nxh5 15.
Nf4 Nxf4 16. gxf4 Ng4 17. f5 h5 18. Bf3 Nf6 19. Bxh5 Rh8 20. Bf3 Rxh1+ 21. Bxh1
Qh8 22. Bf3 Qh3 23. Be2 gxf5 24. exf5 Qxf5 25. f3 Bb7 26. Qe3 e6 27. Nf2 Kf8
28. O-O-O Ke7 29. Ne4 a4 30. Nxf6 Qxf6 31. d4 Qf5 32. dxc5 Qxc5 33. Qd3 Bd5 34.
Kb1 Rc8 35. Rc1 b3 36. a3 bxc2+ 37. Rxc2 Qg1+ 38. Bd1 Rxc2 39. Qxc2 Bb3 40.
Qc7+ Kf6 41. Qd8+ Kg7 42. Qxd6 Qxd1+ 43. Qxd1 Bxd1 44. f4 Kf6 45. Kc1 Bb3 46.
Kd2 Kf5 47. Ke3 e5 48. fxe5 Kxe5 0-1

[Event "Deutsche Ländermeisterschaft 2012"]
[Site "Hannover GER"]
[Date "2012.09.30"]
[Round "3"]
[White "Schmitt, Philipp"]
[Black "Carow, Johannes"]
[Result "0-1"]
[Termination "normal"]
[Board "2.1"]
[WhiteTitle "20"]
[BlackTitle "16"]
[WhiteElo "2200"]
[BlackElo "2245"]
[WhiteTeam "Baden"]
[BlackTeam "Rheinland-Pfalz"]
[PlyCount "118"]
[WhiteFideId "24641766"]
[BlackFideId "24692050"]
[EventCountry "GER"]
[EventRounds "7"]
[EventType "team-swiss"]
[EventDate "2012.09.28"]

1. e4 c5 2. Nf3 e6 3. d4 cxd4 4. Nxd4 d6 5. Nc3 Nc6 6. Be3 Nf6 7. Be2 Be7 8.
O-O O-O 9. f4 e5 10. Nb3 exf4 11. Bxf4 Be6 12. Kh1 d5 13. exd5 Nxd5 14. Nxd5
Bxd5 15. Bf3 Bxf3 16. Qxf3 Qb6 17. Rad1 Rad8 18. c3 Rxd1 19. Rxd1 Qa6 20. Nc1
Bf6 21. Qe2 Qa4 22. Bc7 Nd8 23. Re1 Ne6 24. Be5 Bxe5 25. Qxe5 Rd8 26. b3 Qd7
27. Ne2 Qd2 28. Nd4 Qxc3 29. Nf3 Qxe5 30. Nxe5 Rd2 31. a3 Rb2 32. b4 Ra2 33.
Nc4 b5 34. Nd6 a6 35. Rc1 Rxa3 36. Rc8+ Nf8 37. Kg1 Rb3 38. Nf5 g6 39. Ne7+ Kg7
40. Nd5 Ne6 41. Ra8 Rd3 42. Ne7 Rd6 43. Kf2 Nd4 44. Rc8 Kf6 45. Rc7 Re6 46.
Nd5+ Ke5 47. Ne3 Rf6+ 48. Ke1 Ke4 49. Ng4 Rf4 50. Nf2+ Kd5 51. Rc5+ Kd6 52. g3
Nf3+ 53. Ke2 Rxb4 54. Nd3 Rc4 55. Rxc4 bxc4 56. Nb4 a5 57. Nc2 Nxh2 58. Ne3 Kc5
59. Kf2 h5 0-1

[Event "Deutsche Ländermeisterschaft 2012"]
[Site "Hannover GER"]
[Date "2012.09.30"]
[Round "3"]
[White "Yankelevich, Lev"]
[Black "Ruff, Maximilian"]
[Result "1-0"]
[Termination "normal"]
[Board "2.2"]
[WhiteTitle "16"]
[BlackTitle "16"]
[WhiteElo "2178"]
[BlackElo "2099"]
[WhiteTeam "Rheinland-Pfalz"]
[BlackTeam "Baden"]
[PlyCount "69"]
[WhiteFideId "24684074"]
[BlackFideId "1271670"]
[EventCountry "GER"]
[EventRounds "7"]
[EventType "team-swiss"]
[EventDate "2012.09.28"]

1. e4 e5 2. Nf3 Nc6 3. Bb5 a6 4. Ba4 Nf6 5. d3 b5 6. Bb3 Be7 7. O-O d6 8. c3
O-O 9. Re1 Na5 10. Bc2 c5 11. Nbd2 Re8 12. Nf1 Bb7 13. Ng3 Bf8 14. d4 cxd4 15.
cxd4 h6 16. b3 Nc6 17. Bb2 Rc8 18. Rc1 Nd7 19. Bb1 exd4 20. Nxd4 Nxd4 21. Qxd4
Qb6 22. Qd2 Ne5 23. Nf5 Rxc1 24. Qxc1 Kh7 25. Bd4 Qc6 26. Qd2 g6 27. Ne3 Qd7
28. h3 Bg7 29. Qb2 Bf8 30. f4 Nc6 31. Nd5 Be7 32. Bf6 Qe6 33. Bxe7 Nxe7 34.
Nf6+ Kg7 35. Nxe8+ 1-0

[Event "Deutsche Ländermeisterschaft 2012"]
[Site "Hannover GER"]
[Date "2012.09.30"]
[Round "3"]
[White "Perske, Thore"]
[Black "Spiegelberg, Silvia"]
[Result "1-0"]
[Termination "normal"]
[Board "2.4"]
[WhiteTitle "14"]
[BlackTitle "16w"]
[WhiteElo "2056"]
[BlackElo "1900"]
[WhiteTeam "Rheinland-Pfalz"]
[BlackTeam "Baden"]
[PlyCount "53"]
[WhiteFideId "12902195"]
[BlackFideId "24654450"]
[EventCountry "GER"]
[EventRounds "7"]
[EventType "team-swiss"]
[EventDate "2012.09.28"]

1. e4 e5 2. Nf3 Nf6 3. Nxe5 Nxe4 4. Qe2 Qe7 5. Qxe4 d6 6. d4 dxe5 7. Qxe5 Qxe5+
8. dxe5 Bf5 9. c3 Nd7 10. f4 f6 11. exf6 Nxf6 12. Be3 Nd5 13. Bd2 Bd6 14. Na3
O-O-O 15. O-O-O Bxf4 16. Bxf4 Nxf4 17. Rxd8+ Rxd8 18. g3 Nd5 19. Bc4 Ne3 20.
Re1 Ng4 21. h3 Nf6 22. g4 Bg6 23. Nb5 a6 24. Nd4 Kb8 25. Re7 Ne4 26. Bf7 Rd6
27. Bxg6 1-0

[Event "Deutsche Ländermeisterschaft 2012"]
[Site "Hannover GER"]
[Date "2012.09.30"]
[Round "3"]
[White "Schwarz, Larissa"]
[Black "Martin, Julian"]
[Result "1/2-1/2"]
[Termination "normal"]
[Board "2.6"]
[WhiteTitle "14w"]
[BlackTitle "12"]
[WhiteElo "1900"]
[BlackElo "1784"]
[WhiteTeam "Rheinland-Pfalz"]
[BlackTeam "Baden"]
[PlyCount "111"]
[WhiteFideId "24699004"]
[BlackFideId "12941000"]
[EventCountry "GER"]
[EventRounds "7"]
[EventType "team-swiss"]
[EventDate "2012.09.28"]

1. e4 e5 2. Nf3 Nc6 3. Bb5 a6 4. Ba4 Nf6 5. O-O b5 6. Bb3 Be7 7. Re1 O-O 8. h3
d6 9. c3 Na5 10. Bc2 c5 11. d4 Qc7 12. Nbd2 Nc6 13. d5 Na7 14. Nf1 a5 15. Be3
a4 16. Ng3 Bd7 17. a3 Rfe8 18. b3 Nc8 19. bxa4 bxa4 20. Rb1 Nb6 21. Bd3 Reb8
22. Qe2 Nc8 23. Bb5 Na7 24. Bxd7 Qxd7 25. c4 Rb3 26. Rxb3 axb3 27. Qb2 Qa4 28.
Nd2 Rb8 29. Rb1 Bd8 30. Rc1 Ba5 31. f3 Nc8 32. Ne2 Bxd2 33. Bxd2 Nb6 34. Qc3
Ra8 35. Qd3 Qxa3 36. Rb1 Qa4 37. Rxb3 Nxc4 38. Bc1 Nd7 39. Rb7 Na5 40. Rb5 c4
41. Qb1 Nb3 42. Nc3 Qa7+ 43. Kh2 Ndc5 44. Be3 Qc7 45. Bxc5 Nxc5 46. Qb4 Nd3 47.
Rb7 Qc8 48. Qb6 Nc5 49. Rc7 Qd8 50. Qc6 h6 51. Nb5 Kh7 52. Nxd6 Qg5 53. Qxa8
Qf4+ 54. Kg1 Qe3+ 55. Kh2 Qf4+ 56. Kg1 1/2-1/2

[Event "Deutsche Ländermeisterschaft 2012"]
[Site "Hannover GER"]
[Date "2012.09.30"]
[Round "3"]
[White "Wiesner, Paula"]
[Black "Muckle, Julius"]
[Result "1/2-1/2"]
[Termination "normal"]
[Board "2.7"]
[WhiteTitle "14w"]
[BlackTitle "12"]
[WhiteElo "1810"]
[BlackElo "1760"]
[WhiteTeam "Baden"]
[BlackTeam "Rheinland-Pfalz"]
[PlyCount "109"]
[WhiteFideId "24654019"]
[BlackFideId "12942430"]
[EventCountry "GER"]
[EventRounds "7"]
[EventType "team-swiss"]
[EventDate "2012.09.28"]

1. d4 d5 2. c4 c6 3. Nf3 Nf6 4. Nc3 e6 5. e3 Bd6 6. Bd3 dxc4 7. Bxc4 b5 8. Bd3
a6 9. O-O Nbd7 10. e4 Be7 11. Bf4 c5 12. Bc2 Bb7 13. e5 Nd5 14. Nxd5 Bxd5 15.
dxc5 Nxc5 16. b3 Rc8 17. Qe2 Qc7 18. Rac1 Qb7 19. Rfd1 O-O 20. Be3 Ne4 21. Bxe4
Bxe4 22. Ne1 Bb4 23. f3 Bxe1 24. Rxe1 Bg6 25. Red1 Rxc1 26. Rxc1 Rc8 27. Qd2 h6
28. Rc5 Rxc5 29. Qd8+ Kh7 30. Bxc5 Bb1 31. a3 Qd5 32. Qxd5 exd5 33. Kf2 Kg6 34.
g4 a5 35. f4 h5 36. h3 hxg4 37. hxg4 Bc2 38. f5+ Kg5 39. Kg3 Kh6 40. b4 axb4
41. axb4 Bb3 42. Kf4 g5+ 43. Kg3 Kh7 44. Be3 Kh6 45. e6 fxe6 46. fxe6 Kg6 47.
e7 Kf7 48. Bxg5 d4 49. Kf4 d3 50. Ke3 Bd1 51. Kxd3 Bxg4 52. Kd4 Be2 53. Kd5 Ke8
54. Kd6 Bc4 55. Kc5 1/2-1/2

[Event "Deutsche Ländermeisterschaft 2012"]
[Site "Hannover GER"]
[Date "2012.09.30"]
[Round "3"]
[White "Sanati, Charlotte"]
[Black "Lohrmann, Tabea"]
[Result "1/2-1/2"]
[Termination "normal"]
[Board "2.8"]
[WhiteTitle "12w"]
[BlackTitle "12w"]
[WhiteElo "1607"]
[BlackElo "1449"]
[WhiteTeam "Rheinland-Pfalz"]
[BlackTeam "Baden"]
[PlyCount "100"]
[WhiteFideId "12907707"]
[BlackFideId "12911941"]
[EventCountry "GER"]
[EventRounds "7"]
[EventType "team-swiss"]
[EventDate "2012.09.28"]

1. e4 e5 2. Nf3 Nc6 3. Bb5 a6 4. Ba4 Nf6 5. O-O Be7 6. Re1 b5 7. Bb3 O-O 8. c3
d5 9. exd5 Nxd5 10. d4 exd4 11. Nxd4 Nxd4 12. Qxd4 c6 13. Nd2 Re8 14. Nf3 Be6
15. Bd2 Qd6 16. Rad1 Rad8 17. Qe4 Nf6 18. Qc2 Bg4 19. Bg5 Qc7 20. Rxd8 Rxd8 21.
Bxf6 Bxf6 22. Qe4 Bd7 23. Bc2 g6 24. Qe3 Bg7 25. Bb3 Re8 26. Qg5 Rxe1+ 27. Nxe1
Qe5 28. Qd8+ Be8 29. Nf3 Qe4 30. Bxf7+ Kf8 31. Bb3 Qb1+ 32. Bd1 Qxb2 33. Qd6+
Kg8 34. Bb3+ Bf7 35. Qd8+ Bf8 36. Bxf7+ Kxf7 37. Qd7+ Be7 38. Ng5+ Kf8 39. Qc8+
Kg7 40. Ne6+ Kf7 41. h3 Qxa2 42. Nd4 Qa1+ 43. Kh2 Bd6+ 44. g3 Bxg3+ 45. fxg3
Qb2+ 46. Kg1 Qc1+ 47. Kf2 Qd2+ 48. Kf1 Qd3+ 49. Kf2 Qd2+ 50. Kf1 Qd3+ 1/2-1/2

[Event "Deutsche Ländermeisterschaft 2012"]
[Site "Hannover GER"]
[Date "2012.09.30"]
[Round "3"]
[White "Schulz, Jens"]
[Black "Mertens, Fridolin"]
[Result "0-1"]
[Termination "normal"]
[Board "3.1"]
[WhiteTitle "20"]
[BlackTitle "18"]
[WhiteElo "2269"]
[BlackElo "2040"]
[WhiteTeam "Niedersachsen 1"]
[BlackTeam "Sachsen-Anhalt"]
[PlyCount "98"]
[WhiteFideId "24675687"]
[BlackFideId "24671940"]
[EventCountry "GER"]
[EventRounds "7"]
[EventType "team-swiss"]
[EventDate "2012.09.28"]

1. e4 c5 2. Nf3 d6 3. d4 cxd4 4. Nxd4 Nf6 5. Nc3 a6 6. Be3 e5 7. Nb3 Be6 8. Qd2
Be7 9. f3 O-O 10. O-O-O a5 11. Bb5 Na6 12. g4 Qb8 13. g5 Ne8 14. Nd5 Bxd5 15.
exd5 Nec7 16. Qxa5 Nc5 17. Qb4 Rxa2 18. Nxc5 dxc5 19. Qb3 Ra1+ 20. Kd2 Ra5 21.
Bd3 c4 22. Bxc4 Nxd5 23. Bxd5 Rxd5+ 24. Qxd5 Rd8 25. c4 Rxd5+ 26. cxd5 Qd6 27.
Ke2 Qb4 28. Rd2 Qc4+ 29. Rd3 e4 30. fxe4 Qxe4 31. Rc1 Qg4+ 32. Kd2 Bb4+ 33. Kc2
Qc4+ 34. Rc3 Bxc3 35. bxc3 Qe4+ 36. Kd2 Qxd5+ 37. Ke2 Qg2+ 38. Kd3 Qxh2 39. Ra1
f6 40. gxf6 gxf6 41. Bd4 Qh3+ 42. Ke4 Qe6+ 43. Kf4 Kf7 44. Ra7 Qc6 45. Ra1 b5
46. Ke3 Qe6+ 47. Kd2 h5 48. Ra7+ Kg6 49. Rb7 Qf5 0-1

[Event "Deutsche Ländermeisterschaft 2012"]
[Site "Hannover GER"]
[Date "2012.09.30"]
[Round "3"]
[White "Mertens, Pauline"]
[Black "Schreiner, Till"]
[Result "0-1"]
[Termination "normal"]
[Board "3.2"]
[WhiteTitle "20w"]
[BlackTitle "18"]
[WhiteElo "2036"]
[BlackElo "2222"]
[WhiteTeam "Sachsen-Anhalt"]
[BlackTeam "Niedersachsen 1"]
[PlyCount "52"]
[WhiteFideId "24671959"]
[BlackFideId "24675555"]
[EventCountry "GER"]
[EventRounds "7"]
[EventType "team-swiss"]
[EventDate "2012.09.28"]

1. e4 c5 2. Nf3 d6 3. d4 cxd4 4. Nxd4 Nf6 5. Nc3 a6 6. Bg5 e6 7. f4 Nbd7 8. Qf3
Qc7 9. O-O-O b5 10. e5 Bb7 11. Qh3 dxe5 12. Nxe6 fxe6 13. Qxe6+ Be7 14. Bxb5
axb5 15. Nxb5 Qb6 16. Nd6+ Kd8 17. fxe5 Kc7 18. Bxf6 gxf6 19. Qxe7 Rxa2 20.
Nxb7 Qxb2+ 21. Kd2 Qxc2+ 22. Ke3 Qe2+ 23. Kd4 Ra4+ 24. Kc3 Rc4+ 25. Kb3 Qc2+
26. Ka3 Ra4# 0-1

[Event "Deutsche Ländermeisterschaft 2012"]
[Site "Hannover GER"]
[Date "2012.09.30"]
[Round "3"]
[White "Grigorian, Spartak"]
[Black "Zimmermann, Christian"]
[Result "0-1"]
[Termination "normal"]
[Board "3.3"]
[WhiteTitle "14"]
[BlackTitle "16"]
[WhiteElo "2127"]
[BlackElo "1930"]
[WhiteTeam "Niedersachsen 1"]
[BlackTeam "Sachsen-Anhalt"]
[PlyCount "66"]
[WhiteFideId "24661490"]
[BlackFideId "24692069"]
[EventCountry "GER"]
[EventRounds "7"]
[EventType "team-swiss"]
[EventDate "2012.09.28"]

1. d4 Nf6 2. c4 g6 3. Nc3 d5 4. cxd5 Nxd5 5. e4 Nxc3 6. bxc3 Bg7 7. Nf3 c5 8.
Be3 Nc6 9. Rc1 Qa5 10. d5 Bxc3+ 11. Rxc3 Qxc3+ 12. Bd2 Qf6 13. dxc6 Qxc6 14.
Qb1 O-O 15. Be2 Be6 16. O-O b6 17. Bb5 Qc7 18. Bh6 Rfd8 19. Qb2 f6 20. e5 a6
21. exf6 exf6 22. Qxf6 Qf7 23. Qa1 axb5 24. Ng5 Rxa2 25. Nxf7 Rxa1 26. Nxd8
Rxf1+ 27. Kxf1 Bd5 28. f3 b4 29. Ke1 c4 30. Be3 b3 31. Kd2 b2 32. Kc2 c3 33.
Bd4 Ba2 0-1

[Event "Deutsche Ländermeisterschaft 2012"]
[Site "Hannover GER"]
[Date "2012.09.30"]
[Round "3"]
[White "Kitze, Alexander"]
[Black "Tennert, Simon"]
[Result "1-0"]
[Termination "normal"]
[Board "3.4"]
[WhiteTitle "12"]
[BlackTitle "16"]
[WhiteElo "1853"]
[BlackElo "2153"]
[WhiteTeam "Sachsen-Anhalt"]
[BlackTeam "Niedersachsen 1"]
[PlyCount "51"]
[WhiteFideId "12914827"]
[BlackFideId "1270445"]
[EventCountry "GER"]
[EventRounds "7"]
[EventType "team-swiss"]
[EventDate "2012.09.28"]

1. e4 c5 2. Nf3 d6 3. d4 cxd4 4. Nxd4 Nf6 5. Nc3 Nc6 6. f3 a6 7. Be3 Bd7 8. Qd2
e6 9. g4 Be7 10. O-O-O Rc8 11. g5 Nh5 12. f4 e5 13. Nf5 Bxf5 14. exf5 exf4 15.
Bf2 Bxg5 16. Rg1 Bh6 17. Qe2+ Ne5 18. Qxh5 Qa5 19. Ne4 Rxc2+ 20. Kxc2 Qa4+ 21.
Kb1 Qxe4+ 22. Ka1 f3 23. Bh3 Qc2 24. Qh4 Bg5 25. Qxg5 Nc4 26. Qc1 1-0

[Event "Deutsche Ländermeisterschaft 2012"]
[Site "Hannover GER"]
[Date "2012.09.30"]
[Round "3"]
[White "Düssler, Stefanie"]
[Black "Pallas, Sebastian"]
[Result "1-0"]
[Termination "normal"]
[Board "3.5"]
[WhiteTitle "18w"]
[BlackTitle "12"]
[WhiteElo "1973"]
[BlackElo "1824"]
[WhiteTeam "Niedersachsen 1"]
[BlackTeam "Sachsen-Anhalt"]
[PlyCount "123"]
[WhiteFideId "4634780"]
[BlackFideId "12905453"]
[EventCountry "GER"]
[EventRounds "7"]
[EventType "team-swiss"]
[EventDate "2012.09.28"]

1. e4 c5 2. Nf3 d6 3. d4 cxd4 4. Nxd4 Nf6 5. Nc3 a6 6. Bg5 e6 7. f4 Be7 8. Qf3
Qc7 9. O-O-O Nbd7 10. g4 h6 11. Bxf6 Bxf6 12. h4 Qb6 13. Nb3 Qc7 14. Rh3 Nb6
15. Qf2 Bd7 16. Qd2 Be7 17. Be2 O-O-O 18. Qd4 Rhg8 19. f5 Bc6 20. Na5 Bf6 21.
Qb4 d5 22. Nxc6 Qxc6 23. exd5 Nxd5 24. Nxd5 exd5 25. Rhd3 d4 26. Bf3 Qc7 27.
Kb1 Rge8 28. g5 hxg5 29. hxg5 Be5 30. c3 Kb8 31. cxd4 Bd6 32. Qb3 Rc8 33. a3
Qd7 34. Qd5 Rc7 35. Rb3 Rec8 36. f6 g6 37. Rb6 Rd8 38. Re1 Bf4 39. Qb3 Qc8 40.
Re7 Rdd7 41. Bg4 Rxe7 42. Bxc8 Re1+ 43. Ka2 Kxc8 44. Qh3+ Kb8 45. Qg2 Ka7 46.
Rb3 Bd6 47. Rc3 Rd7 48. Qg4 Rd8 49. Rc8 Ree8 50. Rxd8 Rxd8 51. Qe4 Kb8 52. Qd5
Rd7 53. Qc4 Bf4 54. Qc5 Bd6 55. Qd5 Kc8 56. b4 Kd8 57. Qe4 Kc7 58. Kb3 Rd8 59.
a4 Rh8 60. Qd5 Rf8 61. b5 axb5 62. axb5 1-0

[Event "Deutsche Ländermeisterschaft 2012"]
[Site "Hannover GER"]
[Date "2012.09.30"]
[Round "3"]
[White "Heinemann, Josefine"]
[Black "Diederichs, Luise"]
[Result "1/2-1/2"]
[Termination "normal"]
[Board "3.6"]
[WhiteTitle "14w"]
[BlackTitle "16w"]
[WhiteElo "1871"]
[BlackElo "1827"]
[WhiteTeam "Sachsen-Anhalt"]
[BlackTeam "Niedersachsen 1"]
[PlyCount "59"]
[WhiteFideId "12900460"]
[BlackFideId "24661597"]
[EventCountry "GER"]
[EventRounds "7"]
[EventType "team-swiss"]
[EventDate "2012.09.28"]

1. e4 e6 2. d4 d5 3. e5 c5 4. c3 Nc6 5. Nf3 Bd7 6. Be2 Nge7 7. Na3 cxd4 8. cxd4
Ng6 9. Nc2 Be7 10. O-O O-O 11. Re1 Rc8 12. a3 Qc7 13. Bd3 Na5 14. Ne3 b5 15. b3
b4 16. Bb2 Qb6 17. Bxg6 hxg6 18. a4 Rc7 19. Qd3 Bc8 20. Rec1 Ba6 21. Qd1 Rfc8
22. g3 Rc6 23. Rxc6 Rxc6 24. Rc1 Qc7 25. Rxc6 Qxc6 26. Kg2 Qc8 27. h4 Qd8 28.
Qc2 Qc8 29. Qd1 Qd8 30. Qc2 1/2-1/2

[Event "Deutsche Ländermeisterschaft 2012"]
[Site "Hannover GER"]
[Date "2012.09.30"]
[Round "3"]
[White "Sieber, Fiona"]
[Black "Stein, Robert"]
[Result "1-0"]
[Termination "normal"]
[Board "3.7"]
[WhiteTitle "12w"]
[BlackTitle "12"]
[WhiteElo "1800"]
[BlackElo "1644"]
[WhiteTeam "Niedersachsen 1"]
[BlackTeam "Sachsen-Anhalt"]
[PlyCount "71"]
[WhiteFideId "12902373"]
[BlackFideId "12921084"]
[EventCountry "GER"]
[EventRounds "7"]
[EventType "team-swiss"]
[EventDate "2012.09.28"]

1. e4 e5 2. Nf3 Nc6 3. Bc4 Bc5 4. b4 Bxb4 5. c3 Be7 6. d4 Na5 7. Be2 d5 8. exd5
Qxd5 9. Nxe5 Nf6 10. Bf3 Qd8 11. Qa4+ c6 12. Ba3 Bxa3 13. Qxa3 Be6 14. Nd2 Rc8
15. O-O b6 16. Rfe1 Qe7 17. Qa4 O-O 18. Nb3 Bxb3 19. axb3 Qc7 20. b4 Nb7 21.
Nxc6 Ra8 22. Re7 Qc8 23. Nxa7 Qxc3 24. Bxb7 Rfe8 25. h3 Rxe7 26. Bxa8 Re1+ 27.
Rxe1 Qxe1+ 28. Kh2 Qxf2 29. Bf3 Qxd4 30. Nc6 Qd6+ 31. Kh1 g6 32. Qa7 Qg3 33.
Qxb6 g5 34. Ne7+ Kf8 35. Qxf6 Qe1+ 36. Kh2 1-0